Journal of Human Resource Management HR Advances and Developments

Na minha lista:
Detalhes bibliográficos
Formato: Periódico
Idioma:inglês
Publicado em: Bratislava Fakulta managementu Univerzity Komenského v Bratislave
Assuntos:
Tags: Adicionar Tag
Sem tags, seja o primeiro a adicionar uma tag!

MARC

LEADER 00000nas1a2200000 4500
001 s124101
005 20231215090710.9
022 |a 2453-7683 
022 |a 1335-3888 
041 0 |a eng 
044 |a SK 
245 1 0 |a Journal of Human Resource Management  |b HR Advances and Developments 
264 1 |a Bratislava  |b Fakulta managementu Univerzity Komenského v Bratislave 
610 2 0 |a zdroje ľudské 
610 2 0 |a trh práce 
610 2 0 |a vzťahy pracovné